গ্রন্থাগার বীক্ষণ / (Record no. 11002)
[ view plain ]
| 000 -LEADER | |
|---|---|
| fixed length control field | 00675nam a2200217 a 4500 |
| 001 - CONTROL NUMBER | |
| JCCL Control Number | 11002 |
| 003 - CONTROL NUMBER IDENTIFIER | |
| JCCL marc code | BD-JhCC |
| 005 - DATE AND TIME OF LATEST TRANSACTION | |
| control field | 20190718125212.0 |
| 008 - FIXED-LENGTH DATA ELEMENTS--GENERAL INFORMATION | |
| fixed length control field | 190618s2014 ii |||| |||| 000 0 ben d |
| 020 ## - INTERNATIONAL STANDARD BOOK NUMBER | |
| International Standard Book Number | 9789383658048 |
| 035 ## - SYSTEM CONTROL NUMBER | |
| system control number | (BD-JhCC)11002 |
| 040 ## - CATALOGING SOURCE | |
| Original cataloging agency | BD-JhCC |
| Modifying agency | BD-JhCC |
| 041 ## - LANGUAGE CODE | |
| Language code of Book | ben |
| 082 ## - DEWEY DECIMAL CLASSIFICATION NUMBER | |
| Classification number | 020 |
| Author mark and Year | SAR 2014 |
| 100 ## - MAIN ENTRY--PERSONAL NAME | |
| Personal name | সরকার, ড. জগৎপতি |
| 245 ## - TITLE STATEMENT | |
| Title | গ্রন্থাগার বীক্ষণ / |
| Statement of responsibility, etc | ড. জগৎপতি সরকার, |
| 260 ## - PUBLICATION, DISTRIBUTION, ETC. (IMPRINT) | |
| Place of publication, distribution, etc | কলিকাতা : |
| Name of publisher, distributor, etc | প্রভা, |
| Date of publication, distribution, etc | ২০১৪. |
| 300 ## - PHYSICAL DESCRIPTION | |
| Pagination | ২০৭ পৃ. : |
| Dimensions | ২১ সেমি. |
| 650 ## - SUBJECT ADDED ENTRY--TOPICAL TERM | |
| Topical term or geographic name as entry element | Library Science |
| 942 ## - ADDED ENTRY ELEMENTS (KOHA) | |
| Source of classification or shelving scheme | Dewey Decimal Classification |
| Koha item type | Books |
| Source of classification or shelving scheme | Damaged status | Not for loan | Home library | Current library | Shelving location | Date of accession | Total Checkouts | Full call number | Barcode | Date last seen | Copy number | Koha item type |
|---|---|---|---|---|---|---|---|---|---|---|---|---|
| Dewey Decimal Classification | JCC Rouf Library | JCC Rouf Library | General Stacks | 06/18/2019 | 020 SAR 2014 | 15061 | 07/18/2019 | C-1 | Books |